| 000 | 00579nam a22001937a 4500 | ||
|---|---|---|---|
| 005 | 20150612123527.0 | ||
| 010 | _aENG-113029 | ||
| 020 | _c50.00 | ||
| 035 | _aEN-96561 | ||
| 037 | _bDBAD/PUB | ||
| 082 | _a283 | ||
| 100 | _aGnanadurai, P.M. | ||
| 245 |
_aThe history of Anglicanism in Tamil Nadu / _cby P.M. Gnanadurai |
||
| 260 |
_aChennai _bThe Christian Literature Society _c2012 |
||
| 270 |
_aPost Box No. 501, Park Town _bChennai _e600003 |
||
| 300 |
_a32p. _c21cm(pbk) |
||
| 500 | _aIncludes bibliographical references | ||
| 942 |
_2ddc _cEN _mGNA _h283 |
||
| 999 |
_c93560 _d93560 |
||